Literary Works by Apron Quiz Stats

 Plays Quiz Updated Dec 31, 2018

     
Support Sporcle.
Go Orange.
Score 0/16 Timer 03:00
0 Plays Today
Answer % Correct
How the Grinch Stole Christmas
95.5%
Jurassic Park
94.4%
Harry Potter
94%
Winnie-the-Pooh
92.4%
Charlie and the Chocolate Factory
92.2%
Paddington Bear
90.6%
The Lord of the Rings
90.6%
The Hunger Games
87.9%
Answer % Correct
The Cat in the Hat
87.1%
Curious George
86.9%
A Song of Ice and Fire
81%
The Raven
78.9%
The Little Prince
62%
Don Quixote
59%
Lord of the Flies
54.1%
A Clockwork Orange
51%

From the Vault

Closest Countries to the UK & Territories

by Balaitous

We don't know if they're very close friends, though.
Remove Ads.
Support Sporcle.
Get the best of Sporcle when you Go Orange. This ad-free experience offers more features, more stats, and more fun while also helping to support Sporcle. Thank you for becoming a member.

Show Comments

Extras

Top Quizzes Today


Score Distribution

Your Account Isn't Verified!

In order to create a playlist on Sporcle, you need to verify the email address you used during registration. Go to your Sporcle Settings to finish the process.

Report this User

Report this user for behavior that violates our Community Guidelines.

Details: